| 000 | 00653nam a2200193 4500 | ||
|---|---|---|---|
| 003 | CO-ViMGA | ||
| 020 | _a9786070501548 | ||
| 040 |
_aCO-ViMGA _bspa _cCO-ViMGA |
||
| 082 | 0 | 4 |
_a371 _bG17p |
| 100 | 1 |
_aGarcía Cancino, Everardo _95290 |
|
| 245 | 1 | 0 |
_aLa pregunta como intervención cognitiva / _b¿Qué? ¿Cómo? ¿Cuándo? ¿Dónde? / _cEverardo García Cancino |
| 260 |
_aMéxico _bLimusa _c2011 |
||
| 300 |
_a48 p. : _bil., gráficas, 21 cm. |
||
| 490 | _aColección formación y práctica de pedagógica | ||
| 504 | _aIncluye bibliografía, págs. 47-48. | ||
| 650 | 1 | 4 |
_aEducación _91606 |
| 650 | 1 | 4 |
_aMétodos de enseñanza _95291 |
| 942 |
_cBK _2ddc |
||
| 999 |
_c35945 _d35945 |
||